team USA 2024 jo - Statistiques

Statistiques générales
  • Ce quiz a été pris 17 fois
  • Le résultat moyen est 10 sur 12
Statistiques - réponses
POSTE JOUEUR % Correct
ARRIERE-AILIER LeBron James
100%
MENEUR Stephen Curry
100%
ARRIERE-AILIER Kevin Durant
94%
INTERIEURS Joel Embiid
88%
INTERIEURS Anthony Davis
81%
ARRIERE-AILIER Anthony Edwards
81%
MENEUR Tyrese Haliburton
81%
INTERIEURS Bam Adebayo
75%
ARRIERE-AILIER Jayson Tatum
69%
MENEUR Jrue Holiday
69%
ARRIERE-AILIER Derrick White
63%
ARRIERE-AILIER Devin Booker
56%
Aucun quiz correspondant
Distribution des résultats
% des personnes avec chaque résultat
Percentile par nombre de réponses
Votre historique - résultats
Vous n’avez pas pris ce quiz